000 00670nam a22002052 4500
001 0000018799
005 20151217155859.0
008 100704s xx 000 0 eng d
020 _a9781311630 :
040 _aKABU
_cKABU
245 1 0 _aDNA Marker-assisted improvement of the staple crops of Sub-Saharan Africa /
_cedited by Jonathan H. Crouch and Abdou Tenkouano.
250 _a1st ed.
260 _aIbadan :
_bIITA,
_c1999.
300 _ax, 230 p.
650 0 _aCrops
_xGenetic engineering.
_@0000178121
700 1 _aTenkouano, Abdou.
_@0000178213
852 1 _9p300 KES
908 _a100704
950 _@1
999 _c13679
_d13679